| 000 | 00641nam a2200205 i 4500 | ||
|---|---|---|---|
| 001 | bg | ||
| 245 | 0 |
_aSłownik biograficzny techników polskich / _cFederacja Stowarzyszeń Naukowo-Technicznych ; [red. nacz. Tadeusz Skarzyński]. - Z. 2. |
|
| 260 |
_aWarszawa : _bFSNT, _c1990. |
||
| 300 |
_a212 s. ; _c24 cm + _ewkładka. |
||
| 500 | _aZ. 2 1989 r. | ||
| 700 | 1 |
_aSKARZYŃSKI, Tadeusz. _eRed. |
|
| 710 | _aFEDERACJA STOWARZYSZEŃ NAUKOWO-TECHNICZNYCH | ||
| 020 | _a8385001328 | ||
| 040 | _cBPK | ||
| 041 | _apol | ||
| 080 | _a62:929A/Z](038) | ||
| 920 | _a83-85001-32-8 | ||
| 942 | _cKS | ||
| 008 | s pl f |000 0 pol | ||
| 999 |
_c29869 _d29869 |
||
| 856 |
_uhttp://koha.tu.koszalin.pl/cgi-bin/koha/opac-detail.pl?biblionumber=29869 _yKatalog online BPK |
||